|
|
|
|
| LEADER |
00000nam a22000007a 4500 |
| 005 |
20140330221410.0 |
| 007 |
cr|||| ||| |
| 008 |
140330s2005 ar |||||s|||| 00||0 esp d |
| 035 |
|
|
|a 11856
|
| 040 |
|
|
|a vLex
|
| 090 |
|
|
|c 4740
|d 4740
|
| 100 |
1 |
|
|a Cesano, Jos ̌Daniel
|
| 245 |
1 |
3 |
|a El derecho de ejecucin̤ penal. Un anl̀isis del ordenamiento jurd̕ico de la provincia de Cr̤doba
|h [Recurso electrn̤ico] /
|c Jos ̌Daniel Cesano, Jorge Perano
|
| 256 |
|
|
|a Servicio en ln̕ea
|
| 260 |
|
|
|a Cr̤doba:
|b Alveroni,
|c 2005
|
| 300 |
|
|
|a 1 recurso electrn̤ico
|
| 506 |
|
|
|a Disponible solo en los productos indicados
|d vLex Global
|d vLex Global (Academic Edition, excluding Law Schools)
|d vLex Global (U.S. Academic Edition, Law Schools)
|d vLex Global (U.S. Academic Edition, excluding Law Schools)
|d vLex Global (Academic Edition, Law Schools)
|
| 650 |
0 |
4 |
|a Derecho Penal
|z Argentina
|
| 700 |
1 |
|
|a Perano, Jorge
|
| 740 |
0 |
|
|a vLex Libros (Servicio en ln̕ea)
|
| 856 |
4 |
0 |
|u http://vlex.com/source/derecho-ejecucion-penal-analisis-ordenamiento-juridico-provincia-cordoba-11856
|z Acceso restringido
|
| 942 |
|
|
|c BOOK
|
| 999 |
0 |
|
|a Criminal Law
|